XXL - Wappen deutscher Städte - Statistiken

Allgemein
  • Dieses Quiz wurde 178 mal gespielt
    31 seit der letzten Aktualisierung
  • Das Durchschnittsergebnis liegt bei 27 aus 120
Antwortstatistiken
Bildquiz Antwort % Korrekt
Berlin
100%
Bremen
90%
Augsburg
80%
München
80%
Halle
75%
Hamburg
75%
Kiel
70%
Flensburg
60%
Stuttgart
60%
Fürth
55%
Köln
55%
Dortmund
50%
Frankfurt
50%
Mainz
45%
Rostock
45%
Wolfsburg
45%
Bremerhaven
40%
Erfurt
40%
Coburg
35%
Dresden
35%
Leipzig
35%
Nürnberg
35%
Baden-Baden
30%
Bochum
30%
Brandenburg
30%
Chemnitz
30%
Essen
30%
Freiburg
30%
Gelsenkirchen
30%
Karlsruhe
30%
Ludwigshafen
30%
Darmstadt
25%
Düsseldorf
25%
Herne
25%
Koblenz
25%
Osnabrück
25%
Ulm
25%
Aachen
20%
Bonn
20%
Cottbus
20%
Duisburg
20%
Heidelberg
20%
Heilbronn
20%
Kaiserslautern
20%
Kassel
20%
Lübeck
20%
Münster
20%
Paderborn
20%
Potsdam
20%
Speyer
20%
Weiden
20%
Wiesbaden
20%
Amberg
15%
Bottrop
15%
Dessau-Roßlau
15%
Frankenthal
15%
Hagen
15%
Hamm
15%
Hannover
15%
Kempten
15%
Magdeburg
15%
Mannheim
15%
Mönchengladbach
15%
Neumünster
15%
Neustadt
15%
Oberhausen
15%
Pforzheim
15%
Regensburg
15%
Saarbrücken
15%
Schwerin
15%
Trier
15%
Worms
15%
Wuppertal
15%
Würzburg
15%
Ansbach
10%
Aschaffenburg
10%
Bamberg
10%
Bayreuth
10%
Bielefeld
10%
Braunschweig
10%
Delmenhorst
10%
Emden
10%
Erlangen
10%
Frankfurt
10%
Gera
10%
Göttingen
10%
Gütersloh
10%
Hanau
10%
Hildesheim
10%
Hof
10%
Ingolstadt
10%
Jena
10%
Kaufbeuren
10%
Krefeld
10%
Landau
10%
Landshut
10%
Mülheim
10%
Offenbach
10%
Oldenburg
10%
Passau
10%
Remscheid
10%
Reutlingen
10%
Rosenheim
10%
Salzgitter
10%
Schwabach
10%
Schweinfurt
10%
Straubing
10%
Suhl
10%
Weimar
10%
Wilhelmshaven
10%
Zweibrücken
10%
Bergisch Gladbach
5%
Leverkusen
5%
Memmingen
5%
Neuss
5%
Pirmasens
5%
Recklinghausen
5%
Siegen
5%
Solingen
5%
Moers
0%
Keine übereinstimmenden Quizze gefunden
Verteilung der Resultate
Anzahl Personen mit jedem Resultat
Perzentil nach korrekt beantworteten Fragen
Ihre Resultats-Entwicklung
Sie haben dieses Quiz seit der letzten Aktualisierung nicht gespielt